[Event "SK Münster 3 - Südlohner SV 1"]
[Site "Regionalliga 2015/2016"]
[Date "2015.09.26"]
[Round "2.1"]
[White "Funke, Reinhard"]
[Black "Wieder, Heiner"]
[Result "0-1"]
[WhiteElo "2061"]
[BlackElo "2080"]
[PlyCount "120"]
[EventDate "2015.??.??"]
[SourceDate "2015.09.11"]

1. d4 f5 2. g3 Nf6 3. Bg2 g6 4. c4 d6 5. Nf3 Bg7 6. O-O O-O 7. Nc3 Nc6 8. b3
Ne4 9. Bb2 Nxc3 10. Bxc3 e5 11. d5 Ne7 12. Qd2 h6 13. h4 Kh7 14. Nh2 Ng8 15. f4
Qe7 16. e3 Bd7 17. Rad1 Rae8 18. Rfe1 Bf6 19. Nf3 e4 20. Bxf6 Nxf6 21. Nd4 Rg8
22. Bh3 Rg7 23. Re2 c5 24. dxc6 bxc6 25. Rf2 Rd8 26. Kh2 c5 27. Ne2 Be6 28. Nc3
Qf8 29. Qc1 Rgd7 30. Rfd2 d5 31. cxd5 Bxd5 32. Kg1 Qe7 33. Bf1 Be6 34. Be2 Kg7
35. Kf2 Rc8 36. Bb5 Rxd2+ 37. Qxd2 c4 38. Ba6 Rc6 39. Bb5 Rc7 40. Ba4 cxb3 41.
axb3 Qc5 42. Nb5 Ng4+ 43. Ke2 Rb7 44. Rc1 Qb6 45. Qc3+ Kh7 46. Nd4 Qa6+ 47. Ke1
Bf7 48. Bc6 Re7 49. Qc5 Qd3 50. Rc3 Qb1+ 51. Kd2 Rc7 52. Qd6 Nf2 53. Rc2 Qd1+
54. Kc3 Qa1+ 55. Kb4 Nd3+ 56. Kb5 Rc8 57. Qd7 Rb8+ 58. Bb7 Kg8 59. Nc6 Be8 60.
Qd5+ Kg7 0-1

[Event "SK Münster 3 - Südlohner SV 1"]
[Site "Regionalliga 2015/2016"]
[Date "2015.09.26"]
[Round "2.2"]
[White "Quante, Lennart"]
[Black "Kolakovic, Klaudio"]
[Result "1/2-1/2"]
[WhiteElo "1997"]
[BlackElo "1989"]
[PlyCount "127"]
[EventDate "2015.??.??"]
[SourceDate "2015.09.11"]

1. d4 c5 2. e4 cxd4 3. c3 Nf6 4. e5 Nd5 5. Nf3 Nc6 6. Bc4 Nb6 7. Bb3 d5 8. exd6
e6 9. Nxd4 Nxd4 10. Qxd4 Qxd6 11. Qg4 Qe5+ 12. Be3 Bc5 13. O-O Bxe3 14. fxe3
Qxe3+ 15. Kh1 O-O 16. Na3 Bd7 17. Nc2 Qc5 18. Nd4 Nd5 19. Qh5 g6 20. Qh6 f6 21.
Rad1 Rf7 22. Bxd5 exd5 23. Rd2 Re8 24. Rdf2 Bb5 25. Rd1 Bc6 26. h3 Qd6 27. Qf4
Qxf4 28. Rxf4 Re4 29. Rff1 f5 30. Kg1 Rfe7 31. Kf2 Kg7 32. Rd2 Rf4+ 33. Kg1
Rxf1+ 34. Kxf1 Kf6 35. h4 h6 36. g3 Re4 37. Kf2 Ke5 38. Nf3+ Kd6 39. Nd4 b5 40.
h5 gxh5 41. Nxf5+ Ke5 42. Nd4 Bd7 43. Rd1 a6 44. Rh1 Bg4 45. a4 Rxd4 46. cxd4+
Kxd4 47. axb5 axb5 48. Rc1 b4 49. Rc6 Kd3 50. Rb6 Kc4 51. Ke3 d4+ 52. Kd2 d3
53. Rxh6 Kb3 54. Rb6 Be2 55. Rb8 Kc4 56. Rd8 Kb3 57. Rd4 Bf1 58. Rh4 Be2 59.
Rf4 Ka4 60. Rd4 Kb3 61. Kc1 Ka4 62. Kb1 Kb3 63. Kc1 Ka4 64. Kd2 1/2-1/2

[Event "SK Münster 3 - Südlohner SV 1"]
[Site "Regionalliga 2015/2016"]
[Date "2015.09.26"]
[Round "2.3"]
[White "Völker, Christian"]
[Black "Wingenfeld, Klaus"]
[Result "1/2-1/2"]
[WhiteElo "2037"]
[BlackElo "1991"]
[PlyCount "92"]
[EventDate "2015.??.??"]
[SourceDate "2015.09.11"]

1. d4 c5 2. d5 Nf6 3. Nc3 d6 4. e4 g6 5. f4 Bg7 6. Bb5+ Bd7 7. e5 dxe5 8. fxe5
Ng8 9. Nf3 Bxb5 10. Nxb5 Nd7 11. Qe2 a6 12. Nc3 Nh6 13. Bf4 O-O 14. Ne4 Nf5 15.
c3 Qa5 16. O-O c4 17. g4 Nh6 18. Nf2 Qxd5 19. Qe3 Nc5 20. Nd4 Nd3 21. Bxh6 Bxh6
22. Qxh6 Nxe5 23. Rae1 f5 24. Qf4 Nxg4 25. Rxe7 Rae8 26. Rfe1 Qd8 27. Rxe8 Rxe8
28. Rxe8+ Qxe8 29. Nxg4 fxg4 30. Kf2 h5 31. Nc2 Qb5 32. Qf6 Qxb2 33. Qxg6+ Kf8
34. Qd6+ Kg7 35. Qd2 Qxa2 36. Kg3 a5 37. Qg5+ Kf8 38. Ne3 Qe2 39. Qf4+ Ke7 40.
Nf5+ Kd7 41. Qd6+ Ke8 42. Qb8+ Kf7 43. Nd6+ Kg7 44. Qxb7+ Kh6 45. Nf7+ Kg6 46.
Nh8+ Kh6 1/2-1/2

[Event "SK Münster 3 - Südlohner SV 1"]
[Site "Regionalliga 2015/2016"]
[Date "2015.09.26"]
[Round "2.4"]
[White "Baumann, Stephan"]
[Black "Darwisch, Khaled"]
[Result "0-1"]
[WhiteElo "1957"]
[BlackElo "2020"]
[PlyCount "82"]
[EventDate "2015.??.??"]
[SourceDate "2015.09.11"]

1. e4 d6 2. d4 g6 3. Nc3 Bg7 4. Bc4 c6 5. Nf3 Nf6 6. Qe2 O-O 7. Bg5 b5 8. Bd3
h6 9. Bh4 b4 10. Nd1 Nh5 11. Qd2 c5 12. O-O cxd4 13. Qxb4 g5 14. Bg3 e5 15. Bc4
a5 16. Qa3 Bb7 17. Re1 Qc7 18. Nd2 Nc6 19. Qf3 Nf4 20. h4 Nb4 21. Rc1 d5 22. c3
dxe4 23. Rxe4 Bxe4 24. Qxe4 Nbd3 25. Rc2 Nc5 26. Qf3 d3 27. Rc1 Ne2+ 28. Kh1
Nxc1 29. hxg5 hxg5 30. Qh5 Qe7 31. Nf3 Ne6 32. Ne3 Nf4 33. Bxf4 exf4 34. Nxg5
Qxg5 35. Qxg5 fxe3 36. Qxe3 Rad8 37. Qxc1 d2 38. Qd1 Rfe8 39. Kh2 Re1 40. Qf3
d1=Q 41. Qxf7+ Kh8 0-1

[Event "SK Münster 3 - Südlohner SV 1"]
[Site "Regionalliga 2015/2016"]
[Date "2015.09.26"]
[Round "2.5"]
[White "Schmeing, Walter"]
[Black "Ollech, Dirk"]
[Result "1/2-1/2"]
[WhiteElo "2002"]
[BlackElo "1925"]
[PlyCount "41"]
[EventDate "2015.??.??"]
[SourceDate "2015.09.11"]

1. e4 c6 2. Nc3 d5 3. Nf3 Bg4 4. h3 Bxf3 5. Qxf3 e6 6. d4 Nf6 7. Bg5 Be7 8.
exd5 cxd5 9. Bb5+ Nc6 10. O-O O-O 11. Ne2 Ne4 12. Bxe7 Qxe7 13. Rfd1 Qb4 14.
Qb3 Qd6 15. c3 f5 16. f3 Ng3 17. Nxg3 Qxg3 18. Qc2 Rf6 19. Qf2 Qd6 20. Bxc6
Qxc6 21. Re1 1/2-1/2

[Event "SK Münster 3 - Südlohner SV 1"]
[Site "Regionalliga 2015/2016"]
[Date "2015.09.26"]
[Round "2.6"]
[White "Meyer, Ulrich"]
[Black "Telöken, Daniel"]
[Result "1/2-1/2"]
[WhiteElo "1888"]
[BlackElo "1860"]
[PlyCount "124"]
[EventDate "2015.??.??"]
[SourceDate "2015.09.11"]

1. f4 d5 2. Nf3 Nf6 3. b3 g6 4. Bb2 Bg7 5. e3 O-O 6. d4 Bf5 7. Nbd2 Ng4 8. Ke2
f6 9. h3 Nh6 10. g4 Bd7 11. Kf2 Nf7 12. Rg1 e5 13. f5 Qe7 14. Nh4 g5 15. Ng2 c5
16. Nf3 Bc6 17. c4 Rd8 18. Qc2 Nd7 19. cxd5 Bxd5 20. e4 cxd4 21. exd5 Rac8 22.
Qd2 Nb6 23. Bc4 Nd6 24. Rge1 Ndxc4 25. bxc4 Rxc4 26. Rac1 Rxd5 27. Qd3 Rxc1 28.
Bxc1 Bf8 29. Nd2 Qc7 30. Ne4 Kg7 31. Bd2 Nc4 32. h4 gxh4 33. Nxh4 Nxd2 34. Qxd2
Qf7 35. Rh1 Rd7 36. g5 Qd5 37. Re1 Be7 38. gxf6+ Bxf6 39. Rg1+ Kf7 40. Nxf6
Kxf6 41. Qh6+ Ke7 42. Qxh7+ Kd6 43. Qg6+ Kc7 44. Rc1+ Kb8 45. Qe6 Qxe6 46. fxe6
Re7 47. Kf3 Rxe6 48. Ke4 Ra6 49. Rc2 Ra4 50. Nf5 Ra5 51. Nd6 a6 52. Nc4 Rc5 53.
Kd3 b5 54. Na3 Rxc2 55. Nxc2 Kc7 56. Ke4 Kd6 57. Nb4 a5 58. Nd3 b4 59. Nxe5 Kc5
60. Kd3 Kb5 61. Nc4 b3 62. a3 Ka4 1/2-1/2

[Event "SK Münster 3 - Südlohner SV 1"]
[Site "Regionalliga 2015/2016"]
[Date "2015.09.26"]
[Round "2.7"]
[White "Böcker, Manfred"]
[Black "Freise, Eckhard"]
[Result "0-1"]
[WhiteElo "1880"]
[BlackElo "1816"]
[PlyCount "130"]
[EventDate "2015.??.??"]
[SourceDate "2015.09.11"]

1. d4 g6 2. Nf3 c6 3. c4 f5 4. g3 Bg7 5. Bg2 Nf6 6. O-O O-O 7. Nc3 Ne4 8. Qb3
Kh8 9. Bf4 d6 10. Rfd1 Na6 11. h4 Qa5 12. Nxe4 fxe4 13. Ng5 d5 14. cxd5 cxd5
15. Bxe4 dxe4 16. Nf7+ Rxf7 17. Qxf7 Bg4 18. Rd2 Bf6 19. Rad1 Qb5 20. Be5 Qd7
21. Bxf6+ exf6 22. Qxf6+ Kg8 23. Qf4 Re8 24. Qe3 Nb4 25. d5 Qd6 26. Rd4 Nc2 27.
Rxe4 Nxe3 28. Rxe8+ Kf7 29. Rxe3 h5 30. Rd4 Bf5 31. Rc3 Qb6 32. Rd2 Qd6 33. Kg2
Be4+ 34. f3 Bf5 35. e4 Bc8 36. Rdc2 Bd7 37. Rc7 Ke8 38. Rxb7 Qa6 39. Rbc7 Qxa2
40. R7c3 Kd8 41. Rc5 Qb1 42. Kf2 Qd1 43. Ke3 Ke7 44. R2c4 Qb3+ 45. Rc3 Qxb2 46.
e5 Bf5 47. Rc7+ Kd8 48. R7c6 Qb4 49. e6 a5 50. Rc8+ Ke7 51. R3c7+ Kf6 52. Rc3
a4 53. R8c7 Ke5 54. R7c4 Qb6+ 55. Rc5 a3 56. e7 Bd7 57. f4+ Kf5 58. Kd3 a2 59.
d6+ Ke6 60. Re5+ Kxd6 61. Ra3 Qb1+ 62. Kc4 a1=Q 63. Rxa1 Qxa1 64. e8=Q Bxe8 65.
Rxe8 Qa4+ 0-1

[Event "SK Münster 3 - Südlohner SV 1"]
[Site "Regionalliga 2015/2016"]
[Date "2015.09.26"]
[Round "2.8"]
[White "Raddatz, Uwe"]
[Black "Sparwel, Oliver"]
[Result "1-0"]
[WhiteElo "1825"]
[BlackElo "1965"]
[PlyCount "103"]
[EventDate "2015.??.??"]
[SourceDate "2015.09.11"]

1. d4 d6 2. e4 Nf6 3. Nc3 c6 4. f4 Qa5 5. Bd3 e5 6. Nf3 Bg4 7. dxe5 dxe5 8.
fxe5 Bxf3 9. Qxf3 Qxe5 10. Bf4 Qh5 11. e5 Qxf3 12. gxf3 Nh5 13. Bd2 Nd7 14.
O-O-O g6 15. f4 Bh6 16. Rhf1 O-O 17. Ne4 b5 18. Be2 Ng7 19. Bb4 Nxe5 20. Bxf8
Kxf8 21. Kb1 Nc4 22. Bxc4 bxc4 23. Ng5 Ke7 24. Rd4 c3 25. Rfd1 Rb8 26. Rd7+ Ke8
27. b3 Bxg5 28. fxg5 Rb5 29. h4 a5 30. Rc7 Rb4 31. Rxc6 Rxh4 32. Rxc3 Rg4 33.
Rc8+ Ke7 34. Rh8 Ne6 35. Rxh7 Nxg5 36. Rh8 f5 37. Ra8 f4 38. Rxa5 f3 39. Rf1
Ke6 40. Rxg5 Rxg5 41. Rxf3 Rg2 42. a4 g5 43. Rd3 Ke5 44. a5 Rh2 45. a6 Rh6 46.
a7 Ra6 47. Rd7 Kf6 48. b4 g4 49. b5 Ra5 50. c4 g3 51. b6 g2 52. Rd1 1-0

[Event "SF Telgte 1 - Schach Nienberge 1"]
[Site "Regionalliga 2015/2016"]
[Date "2015.09.26"]
[Round "2.1"]
[White "Remmeke, Hans"]
[Black "Hackl-Sommer, René"]
[Result "1/2-1/2"]
[WhiteElo "2123"]
[BlackElo "2009"]
[PlyCount "35"]
[EventDate "2015.??.??"]
[SourceDate "2015.09.11"]

1. d4 Nf6 2. c4 e5 3. dxe5 Ng4 4. Bf4 g5 5. Bd2 Nc6 6. e3 Ngxe5 7. Nc3 d6 8.
Nd5 Bg7 9. Qc2 Ne7 10. Nxe7 Qxe7 11. Ne2 Bd7 12. Ng3 O-O-O 13. Nf5 Bxf5 14.
Qxf5+ Nd7 15. Qc2 Nc5 16. Be2 Qe4 17. Qxe4 Nxe4 18. Bf3 1/2-1/2

[Event "SF Telgte 1 - Schach Nienberge 1"]
[Site "Regionalliga 2015/2016"]
[Date "2015.09.26"]
[Round "2.2"]
[White "Muth, Josef"]
[Black "Ringwelski, Marius"]
[Result "1-0"]
[WhiteElo "1987"]
[BlackElo "1999"]
[PlyCount "71"]
[EventDate "2015.??.??"]
[SourceDate "2015.09.11"]

1. d4 Nf6 2. c4 c5 3. d5 b5 4. cxb5 a6 5. bxa6 g6 6. g3 Bg7 7. Bg2 d6 8. Nf3
O-O 9. Nc3 Bxa6 10. O-O Nbd7 11. Re1 Qa5 12. Qc2 Rfb8 13. Rb1 Nb6 14. Nd2 Nc4
15. Nxc4 Bxc4 16. b3 Bxd5 17. Bd2 Bxg2 18. Kxg2 Ne8 19. h4 h5 20. Na4 Qa6 21.
e4 Nc7 22. Bg5 Nb5 23. Qd3 Na3 24. Qxa6 Rxa6 25. Rbc1 Kf8 26. Bf4 e6 27. Nxc5
dxc5 28. Bxb8 Bd4 29. Bf4 Nb5 30. a4 Nc3 31. Bd2 Na2 32. Rc2 Nb4 33. Bxb4 cxb4
34. Rc4 Bc3 35. Rd1 Rb6 36. Rd7 1-0

[Event "SF Telgte 1 - Schach Nienberge 1"]
[Site "Regionalliga 2015/2016"]
[Date "2015.09.26"]
[Round "2.3"]
[White "Kemper, Georg"]
[Black "Lodde, Martin"]
[Result "1-0"]
[WhiteElo "1887"]
[BlackElo "1936"]
[PlyCount "80"]
[EventDate "2015.??.??"]
[SourceDate "2015.09.11"]

1. d4 Nf6 2. c4 e6 3. g3 d5 4. Bg2 Bb4+ 5. Bd2 Be7 6. Nf3 O-O 7. Qc2 c6 8. O-O
b6 9. Bf4 Bb7 10. Nbd2 Nbd7 11. e4 Nxe4 12. Nxe4 dxe4 13. Qxe4 Rc8 14. Rfd1 Nf6
15. Qc2 Bd6 16. Ne5 Bb8 17. b4 Qe7 18. Qa4 b5 19. cxb5 cxb5 20. Qxb5 Bxg2 21.
Kxg2 Nd5 22. Bd2 Bxe5 23. dxe5 Rb8 24. Qc5 Qb7 25. Kg1 Rfc8 26. Qd4 Rc7 27.
Rdc1 Rbc8 28. Rxc7 Rxc7 29. a4 h6 30. b5 Rd7 31. Qg4 Ne7 32. Bb4 Nd5 33. Bd6 f5
34. Qg6 Rf7 35. Qxe6 Nc3 36. Re1 f4 37. Qe8+ Kh7 38. Qc6 fxg3 39. hxg3 Nd5 40.
e6 Qxc6 1-0

[Event "SF Telgte 1 - Schach Nienberge 1"]
[Site "Regionalliga 2015/2016"]
[Date "2015.09.26"]
[Round "2.4"]
[White "Junker, Axel"]
[Black "Gottkehaskamp, Philipp"]
[Result "1/2-1/2"]
[WhiteElo "1866"]
[BlackElo "1975"]
[PlyCount "33"]
[EventDate "2015.??.??"]
[SourceDate "2015.09.11"]

1. c4 Nc6 2. Nc3 e5 3. Nf3 g6 4. d4 exd4 5. Nxd4 Bg7 6. Nxc6 bxc6 7. g3 Qe7 8.
Bg2 Qb4 9. Qb3 Rb8 10. O-O Ne7 11. Bf4 Qxb3 12. axb3 Rxb3 13. Bxc7 a6 14. Ne4
O-O 15. Nd6 Rxb2 16. e3 Nf5 17. Nxf5 1/2-1/2

[Event "SF Telgte 1 - Schach Nienberge 1"]
[Site "Regionalliga 2015/2016"]
[Date "2015.09.26"]
[Round "2.5"]
[White "Haas, Kai Markus"]
[Black "Kuhlenbäumer, Willi"]
[Result "1/2-1/2"]
[WhiteElo "2000"]
[BlackElo "1947"]
[PlyCount "38"]
[EventDate "2015.??.??"]
[SourceDate "2015.09.11"]

1. d3 d5 2. e4 e5 3. Nc3 Nf6 4. Bg5 c6 5. Nf3 Be7 6. Be2 O-O 7. O-O Qd6 8. a3
Nbd7 9. Re1 d4 10. Nb1 Nb6 11. Nbd2 Ne8 12. Bxe7 Qxe7 13. Nf1 g6 14. Qd2 Kg7
15. Ng3 Bg4 16. h3 Bxf3 17. Bxf3 Nc7 18. Nf1 Ne6 19. g3 Qd6 1/2-1/2

[Event "SF Telgte 1 - Schach Nienberge 1"]
[Site "Regionalliga 2015/2016"]
[Date "2015.09.26"]
[Round "2.6"]
[White "Kuhlenbäumer, Alfred"]
[Black "Gottkehaskamp, Stefan"]
[Result "1/2-1/2"]
[WhiteElo "1849"]
[BlackElo "1953"]
[PlyCount "88"]
[EventDate "2015.??.??"]
[SourceDate "2015.09.11"]

1. e4 Nf6 2. e5 Nd5 3. Bc4 e6 4. Nf3 Nb6 5. Bb3 d5 6. d4 c5 7. c3 Nc6 8. O-O
Be7 9. Bc2 cxd4 10. cxd4 Nb4 11. Bb3 O-O 12. Nc3 Bd7 13. a3 Nc6 14. Bc2 f5 15.
exf6 Bxf6 16. Re1 a6 17. Qd3 g6 18. Bh6 Re8 19. Re2 Nc4 20. b3 Nd6 21. Bf4 Nf7
22. Rae1 b5 23. h4 Bxh4 24. g3 Bf6 25. Kg2 Bg7 26. b4 Qf6 27. Rd2 Bh6 28. Bxh6
Nxh6 29. Rh1 Nf5 30. g4 Nd6 31. Ne5 Re7 32. Re2 Rf8 33. Rh3 Nf7 34. Nxc6 Bxc6
35. Rf3 Qg7 36. Rfe3 Nd8 37. Bb3 Ref7 38. f3 Rf4 39. Re5 Kh8 40. R2e3 Bd7 41.
Ne2 R4f6 42. g5 R6f7 43. f4 Bc8 44. Rg3 Rc7 1/2-1/2

[Event "SF Telgte 1 - Schach Nienberge 1"]
[Site "Regionalliga 2015/2016"]
[Date "2015.09.26"]
[Round "2.7"]
[White "Althoff, Franz"]
[Black "Dieckmann, Werner"]
[Result "1-0"]
[WhiteElo "2000"]
[BlackElo "1744"]
[PlyCount "49"]
[EventDate "2015.??.??"]
[SourceDate "2015.09.11"]

1. Nf3 Nf6 2. d4 e6 3. c4 a6 4. Nc3 d5 5. Bg5 Be7 6. e3 Nbd7 7. Bd3 h6 8. Bh4
c6 9. O-O O-O 10. a3 Re8 11. b4 dxc4 12. Bxc4 Nd5 13. Nxd5 exd5 14. Bxe7 Qxe7
15. Bd3 Nf8 16. Qc2 Be6 17. Rab1 Nd7 18. a4 Bg4 19. Nd2 Qg5 20. Kh1 Bh5 21. f4
Qh4 22. Nf3 Bxf3 23. Rxf3 Nf6 24. Rh3 Qg4 25. Bf5 1-0

[Event "SF Telgte 1 - Schach Nienberge 1"]
[Site "Regionalliga 2015/2016"]
[Date "2015.09.26"]
[Round "2.8"]
[White "Hirnstein, Markus"]
[Black "Schäfer, Günter"]
[Result "1/2-1/2"]
[WhiteElo "1881"]
[BlackElo "1910"]
[PlyCount "34"]
[EventDate "2015.??.??"]
[SourceDate "2015.09.11"]

1. c4 e5 2. g3 Nc6 3. Bg2 f5 4. Nc3 Nf6 5. d3 Bb4 6. Bd2 d6 7. Nf3 O-O 8. O-O
Bxc3 9. Bxc3 a5 10. d4 e4 11. Ng5 d5 12. cxd5 Nxd5 13. Nh3 Kh8 14. Qd2 Nce7 15.
f3 e3 16. Qd3 f4 17. Ng5 Ng6 1/2-1/2

[Event "SC Gronau 1 - SC Klein-Berlin Rheine 1"]
[Site "Regionalliga 2015/2016"]
[Date "2015.09.26"]
[Round "2.1"]
[White "Ottens, Stephan"]
[Black "Monsma, Menno"]
[Result "1/2-1/2"]
[WhiteElo "2084"]
[BlackElo "2075"]
[PlyCount "54"]
[EventDate "2015.??.??"]
[SourceDate "2015.09.11"]

1. e4 e6 2. d4 d5 3. Nc3 Bb4 4. e5 c5 5. a3 Bxc3+ 6. bxc3 Qa5 7. Bd2 Qa4 8. Nf3
Nc6 9. Bd3 c4 10. Be2 Bd7 11. h4 Nge7 12. Bg5 Nf5 13. g4 Nfe7 14. Bxe7 Nxe7 15.
h5 h6 16. Nh4 O-O-O 17. f4 Rdf8 18. Kd2 Qa5 19. Qb1 Nc6 20. Qg1 Rhg8 21. Qe3 g6
22. Rhg1 gxh5 23. gxh5 Qd8 24. Qf2 Rxg1 25. Rxg1 Rg8 26. Rxg8 Qxg8 27. Qg2 Qxg2
1/2-1/2

[Event "SC Gronau 1 - SC Klein-Berlin Rheine 1"]
[Site "Regionalliga 2015/2016"]
[Date "2015.09.26"]
[Round "2.2"]
[White "Storck, Martin"]
[Black "Brümmer, Frank"]
[Result "0-1"]
[WhiteElo "1970"]
[BlackElo "2177"]
[PlyCount "80"]
[EventDate "2015.??.??"]
[SourceDate "2015.09.11"]

1. c4 e5 2. Nc3 Nc6 3. Nf3 g6 4. d4 exd4 5. Nxd4 Bg7 6. e3 Nge7 7. Be2 O-O 8.
O-O d6 9. Nxc6 Nxc6 10. e4 Re8 11. Bd3 Ne5 12. h3 Kh8 13. Bf4 Be6 14. Nd5 c6
15. Ne3 Qb6 16. Rb1 Rad8 17. b4 Qd4 18. Bxe5 dxe5 19. Rb3 b5 20. Qc2 a6 21. Be2
Qd2 22. Rc1 Bh6 23. Rc3 bxc4 24. a3 Qxc2 25. R1xc2 Rd4 26. Nxc4 f6 27. Bf3 f5
28. Nxe5 fxe4 29. Nxc6 Rd3 30. Bxe4 Rd1+ 31. Kh2 Bd7 32. Bf3 Ra1 33. g3 Bf5 34.
Nd4 Bxc2 35. Nxc2 Ra2 36. Kg2 Rd8 37. Ne3 Bxe3 38. Rxe3 Rdd2 39. Bc6 Rxf2+ 40.
Kg1 Rfc2 0-1

[Event "SC Gronau 1 - SC Klein-Berlin Rheine 1"]
[Site "Regionalliga 2015/2016"]
[Date "2015.09.26"]
[Round "2.4"]
[White "Lütkehermölle, Martin"]
[Black "Langhanke, Günther"]
[Result "1/2-1/2"]
[WhiteElo "1931"]
[BlackElo "2018"]
[PlyCount "35"]
[EventDate "2015.??.??"]
[SourceDate "2015.09.11"]

1. e4 c5 2. Nf3 Nc6 3. d4 cxd4 4. Nxd4 e5 5. Nb5 d6 6. N1c3 a6 7. Na3 b5 8. Nd5
Nce7 9. c4 Nxd5 10. exd5 bxc4 11. Nxc4 Nf6 12. Bg5 Be7 13. Bd3 O-O 14. Bxf6
Bxf6 15. O-O Bb7 16. a4 Rc8 17. Rc1 Rc5 18. b4 1/2-1/2

[Event "SC Gronau 1 - SC Klein-Berlin Rheine 1"]
[Site "Regionalliga 2015/2016"]
[Date "2015.09.26"]
[Round "2.5"]
[White "Brümmer, Andreas"]
[Black "Reinhold, Klaus"]
[Result "0-1"]
[WhiteElo "1921"]
[BlackElo "1895"]
[PlyCount "50"]
[EventDate "2015.??.??"]
[SourceDate "2015.09.11"]

1. d4 d5 2. Nf3 Nf6 3. c4 c6 4. e3 e6 5. Nbd2 Nbd7 6. Be2 Bd6 7. O-O O-O 8. b3
Qe7 9. Bb2 e5 10. dxe5 Nxe5 11. cxd5 Nxd5 12. Nc4 Nxc4 13. Bxc4 Nf6 14. Qc2 Ne4
15. Bd3 Bf5 16. Rad1 Rfd8 17. g3 h6 18. Nh4 Bh7 19. f3 Bxg3 20. hxg3 Rxd3 21.
Qxd3 Nxg3 22. Qd4 Ne2+ 23. Kf2 Nxd4 24. Rxd4 Rd8 25. Rfd1 Rxd4 0-1

[Event "SC Gronau 1 - SC Klein-Berlin Rheine 1"]
[Site "Regionalliga 2015/2016"]
[Date "2015.09.26"]
[Round "2.6"]
[White "Rothkegel, Jürgen"]
[Black "Averkamp-Peters, Jens"]
[Result "0-1"]
[WhiteElo "1866"]
[BlackElo "1935"]
[PlyCount "54"]
[EventDate "2015.??.??"]
[SourceDate "2015.09.11"]

1. e4 c5 2. Nf3 Nc6 3. d4 cxd4 4. Nxd4 e5 5. Nb5 a6 6. Nd6+ Bxd6 7. Qxd6 Qf6 8.
Qxf6 Nxf6 9. f3 h6 10. Bd2 d5 11. exd5 Nxd5 12. Nc3 Ndb4 13. O-O-O Bf5 14. Ne4
O-O 15. a3 Nd5 16. Bc4 Nb6 17. Bd3 Bg6 18. g4 Nd4 19. Bb4 Rfc8 20. Nd6 Rc6 21.
Bxg6 fxg6 22. Nxb7 Rxc2+ 23. Kb1 Na4 24. Rd2 Rxd2 25. Bxd2 Rb8 26. Na5 Rxb2+
27. Kc1 Rc2+ 0-1

[Event "SC Gronau 1 - SC Klein-Berlin Rheine 1"]
[Site "Regionalliga 2015/2016"]
[Date "2015.09.26"]
[Round "2.7"]
[White "Kornick, Ulrich"]
[Black "Reckzügel, Philipp"]
[Result "1/2-1/2"]
[WhiteElo "1930"]
[BlackElo "1904"]
[PlyCount "166"]
[EventDate "2015.??.??"]
[SourceDate "2015.09.11"]

1. d4 Nf6 2. Nf3 d5 3. c4 e6 4. Nc3 c6 5. Bg5 Nbd7 6. a3 Be7 7. e3 O-O 8. Rc1
b6 9. Bd3 Bb7 10. Qe2 Rc8 11. cxd5 cxd5 12. O-O h6 13. Bf4 Ne4 14. Nb5 a6 15.
Na7 Rxc1 16. Rxc1 Qa8 17. Bxa6 Qxa7 18. Bxb7 g5 19. Rc7 gxf4 20. Rxd7 Bd6 21.
Qa6 Qxa6 22. Bxa6 Ra8 23. Bd3 Rc8 24. g3 fxe3 25. fxe3 Bc7 26. Ba6 Ra8 27. Bb7
Ra7 28. Rxc7 Nd6 29. Rc6 Nxb7 30. Rxb6 Na5 31. Ne5 Rc7 32. b4 Nc4 33. Rb8+ Kg7
34. b5 Nxa3 35. b6 Rc1+ 36. Kf2 Rb1 37. Nd3 Nc4 38. b7 Nd6 39. Nc5 Rb5 40. Kf3
Kf6 41. h4 e5 42. Rd8 Nxb7 43. Nxb7 Rxb7 44. Rd6+ Kg7 45. dxe5 Rb5 46. h5 Ra5
47. Kf4 Ra4+ 48. Kf3 Ra5 49. Rd7 Kf8 50. Kf4 Kg8 51. Rd6 Kg7 52. e6 fxe6 53.
Rxe6 d4 54. exd4 Rxh5 55. Re5 Rh1 56. Rf5 Kg6 57. Ra5 Rf1+ 58. Kg4 Rd1 59. Ra6+
Kg7 60. Rd6 Rd3 61. d5 Kf7 62. Kh4 Ke7 63. Re6+ Kf7 64. Re5 Kf6 65. Rh5 Kg6 66.
g4 Kg7 67. Re5 Kg6 68. Re6+ Kf7 69. Rd6 Ke7 70. Rxh6 Rxd5 71. Rh5 Rd8 72. Rf5
Ke6 73. Kg5 Rg8+ 74. Kf4 Ra8 75. Re5+ Kf6 76. g5+ Kg6 77. Re6+ Kg7 78. Rb6 Ra7
79. Kf5 Ra5+ 80. Kg4 Ra7 81. Kh5 Rc7 82. Rg6+ Kh7 83. Re6 Kg7 1/2-1/2

[Event "SC Gronau 1 - SC Klein-Berlin Rheine 1"]
[Site "Regionalliga 2015/2016"]
[Date "2015.09.26"]
[Round "2.8"]
[White "Sprenger, Franz"]
[Black "Hauk, Viktor"]
[Result "1/2-1/2"]
[WhiteElo "1683"]
[BlackElo "1772"]
[PlyCount "46"]
[EventDate "2015.??.??"]
[SourceDate "2015.09.11"]

1. e4 d5 2. exd5 Qxd5 3. Nc3 Qd6 4. Nf3 Nf6 5. d4 c6 6. h3 Bf5 7. Be3 e6 8. Bd3
Bxd3 9. Qxd3 Be7 10. Ne2 Qb4+ 11. Nc3 O-O 12. O-O Nbd7 13. a3 Qd6 14. Ne2 Qc7
15. c4 Rad8 16. Qc2 Rfe8 17. Rac1 e5 18. dxe5 Nxe5 19. Nxe5 Qxe5 20. Bxa7 Bxa3
21. Bd4 Qxe2 22. Qxe2 Rxe2 23. Bxf6 Be7 1/2-1/2

[Event "SK Dülmen 1 - SG Turm Raesfeld/Erle 1"]
[Site "Regionalliga 2015/2016"]
[Date "2015.09.26"]
[Round "2.1"]
[White "Wilger, Frank"]
[Black "Eiersbrock, Robin"]
[Result "1/2-1/2"]
[WhiteElo "2123"]
[BlackElo "2021"]
[PlyCount "55"]
[EventDate "2015.??.??"]
[SourceDate "2015.09.11"]

1. d4 Nf6 2. Nf3 g6 3. e3 Bg7 4. Be2 O-O 5. O-O d5 6. Nbd2 Nc6 7. c4 Re8 8.
cxd5 Nxd5 9. Nc4 Nb6 10. Nxb6 axb6 11. a3 Bf5 12. Bc4 e5 13. d5 Ne7 14. Ng5 Nc8
15. e4 Nd6 16. exf5 Nxc4 17. fxg6 hxg6 18. f4 e4 19. f5 e3 20. fxg6 fxg6 21.
Qg4 Qxd5 22. Qh4 Bh6 23. Qxh6 Re7 24. Rf6 Qd1+ 25. Rf1 e2 26. Qxg6+ Rg7 27.
Qe6+ Kh8 28. Qh6+ 1/2-1/2

[Event "SK Dülmen 1 - SG Turm Raesfeld/Erle 1"]
[Site "Regionalliga 2015/2016"]
[Date "2015.09.26"]
[Round "2.2"]
[White "Wewers, Reinhard"]
[Black "Greifenberg, Daniel"]
[Result "1-0"]
[WhiteElo "1990"]
[BlackElo "2017"]
[PlyCount "95"]
[EventDate "2015.??.??"]
[SourceDate "2015.09.11"]

1. Nf3 d5 2. c4 c6 3. g3 g6 4. Bg2 Bg7 5. O-O e5 6. Qa4 Ne7 7. cxd5 Nxd5 8. Nc3
O-O 9. d3 h6 10. Bd2 Be6 11. Rac1 Nd7 12. Nxd5 cxd5 13. Ba5 b6 14. Bb4 Re8 15.
Nd2 a5 16. Ba3 Rc8 17. Qb5 Nf6 18. Rxc8 Bxc8 19. Rc1 Bd7 20. Qa6 b5 21. b3 Qa8
22. Qxa8 Rxa8 23. Be7 Be6 24. Rc5 a4 25. Bxf6 Bxf6 26. Bxd5 Bxd5 27. Rxd5 axb3
28. axb3 b4 29. Rb5 Be7 30. Rxe5 Kf8 31. Kg2 Ra3 32. Re4 Ra1 33. Nc4 Rb1 34.
Na5 f5 35. Rc4 Ke8 36. e4 Bd8 37. Nc6 Rxb3 38. exf5 gxf5 39. Rxb4 Rxd3 40. Rb8
Rd6 41. Rxd8+ Rxd8 42. Nxd8 Kxd8 43. Kf3 Ke7 44. Ke3 Ke6 45. Kd4 Kd6 46. f4 h5
47. h3 Ke6 48. Kc5 1-0

[Event "SK Dülmen 1 - SG Turm Raesfeld/Erle 1"]
[Site "Regionalliga 2015/2016"]
[Date "2015.09.26"]
[Round "2.3"]
[White "Gesing, Felix"]
[Black "Mohnke, Martin"]
[Result "1-0"]
[WhiteElo "1964"]
[BlackElo "1978"]
[PlyCount "81"]
[EventDate "2015.??.??"]
[SourceDate "2015.09.11"]

1. e4 c5 2. c3 d5 3. exd5 Qxd5 4. d4 Nf6 5. Nf3 e6 6. Be2 Nc6 7. Na3 a6 8. Nc4
Qd8 9. O-O Be7 10. dxc5 Qxd1 11. Rxd1 Bxc5 12. b4 b5 13. Nce5 Nxe5 14. Nxe5 Bb6
15. Bf3 Ra7 16. a4 bxa4 17. Nc4 Bc7 18. Be3 Rb7 19. Bc6+ Nd7 20. Rxd7 Bxd7 21.
Bxb7 Bb5 22. Nb6 Ke7 23. Nxa4 a5 24. Bc5+ Kf6 25. Nb2 Rb8 26. Bf3 Be5 27. Nd1
axb4 28. Bxb4 Bd3 29. Rc1 g5 30. Ne3 Kg6 31. Rd1 Bb5 32. Bd6 Bxd6 33. Rxd6 Rc8
34. Rb6 Bd3 35. Rb3 Rd8 36. c4 f5 37. g4 f4 38. Rxd3 Rxd3 39. Be4+ Kf6 40. Bxd3
fxe3 41. fxe3 1-0